| 000 | 00710nam a22001937a 4500 | ||
|---|---|---|---|
| 005 | 20260129093821.0 | ||
| 008 | 251215b |||||||| |||| 00| 0 eng d | ||
| 020 | _a9781615649860 | ||
| 082 | _aDC 158.13 M888 2021 | ||
| 100 |
_aMuelrath, Lani. _969443 |
||
| 245 |
_aMindfulness : _bunwind, de-stress, and focus your mind for a healthier, happier you / _cLani Muelrath and Domyo Sater Burk. |
||
| 260 |
_aIdianapolis : _bDK Publishing, _c©2021. |
||
| 300 |
_axii, 324 pages : _billustrations ; _c23 cm. |
||
| 500 | _aIncludes appendices and index. | ||
| 650 | 0 |
_aMindfulness (Psychology). _969485 |
|
| 650 | 0 |
_aThought and thinking. _969486 |
|
| 700 |
_aBurk, Domyo Sater. _969444 _eauthor. |
||
| 942 |
_2ddc _cDC |
||
| 999 |
_c24236 _d24236 |
||